Dom pre seniorov – Svätý Martin

Uložené v:
Podrobná bibliografia
Hlavný autor: Potočár, Juraj (Autor)
Ďalší autori: Vojteková, Eva (Vedúci práce)
Médium: Rukopis Kniha
Jazyk:Slovak
Vydavateľské údaje: Bratislava 2022
Predmet:
On-line prístup:http://is.stuba.sk/zp/portal_zp.pl?podrobnosti=165543
Tagy: Pridať tag
Žiadne tagy, Buďte prvý, kto otaguje tento záznam!

MARC

LEADER 00000ntm a22000003a 4500
001 stuzp89500
003 SK-STU
005 20221020110649.5
007 ta
008 150427s2015----xo-----f-mn---000-0-slo-d
040 |a STU  |b slo 
041 0 |a slo 
100 1 |a Potočár, Juraj  |u 054140  |4 aut  |U FAD Fakulta architektúry a dizajnu  |T FAD Ústav konštrukcií v architektúre a inžinierskych stavieb  |X 88059  |U A4140  |Y 395  |7 88059 
242 0 1 |a Senior Housing – Svätý Martin  |y eng 
245 1 0 |a Dom pre seniorov – Svätý Martin 
260 |c 2022  |a Bratislava 
650 4 |a seniori  |2 slo 
650 4 |a zariadenie  |2 slo 
650 4 |a átrium  |2 slo 
650 4 |a príroda  |2 slo 
650 4 |a komunita  |2 slo 
650 4 |a facility  |2 eng 
650 4 |a atrium  |2 eng 
650 4 |a community  |2 eng 
650 4 |a nature  |2 eng 
650 4 |a seniors  |2 eng 
700 1 |a Vojteková, Eva  |u 054140  |k Z1  |4 ths  |U FAD Fakulta architektúry a dizajnu  |T FAD Ústav konštrukcií v architektúre a inžinierskych stavieb  |X 333  |U A4140  |Y 395  |7 A000000333 
856 4 |u http://is.stuba.sk/zp/portal_zp.pl?podrobnosti=165543  |u https://opac.crzp.sk/?fn=detailBiblioForm&sid=A8C5898CD77493B3EEF93A491516